| 000 | 00808cam a2200265 i 4500 | ||
|---|---|---|---|
| 999 |
_c200442568 _d60780 |
||
| 003 | TR-AnTOB | ||
| 005 | 20221007144944.0 | ||
| 007 | ta | ||
| 008 | 210803b dcu o000 0 eng d | ||
| 040 |
_aTR-AnTOB _beng _erda _cTR-AnTOB |
||
| 041 | 0 | _aeng | |
| 050 | 4 |
_bSB189.7 _a.G73 |
|
| 090 |
_aSB189.7 _b.G73 |
||
| 245 | 0 | 0 | _aGrain inspection manual. |
| 264 | 1 |
_aWashington,D.C. : _bUnited States Department of Agriculture. _c[date of publication not identified] |
|
| 300 |
_a241 pages ; _c24 cm |
||
| 336 |
_2rdacontent _atext _btxt |
||
| 337 |
_2rdamedia _aunmediated _bn |
||
| 338 |
_2rdacarrier _avolume _bnc |
||
| 653 | _aGrain--Inspection--United States | ||
| 710 | 1 |
_aUnited States. _bDepartment of Agriculture _978539 |
|
| 942 |
_2lcc _cBK |
||